| Tag |
First Indicator |
Second Indicator |
Subfields |
| LEADER |
00000cam a22000007a 4500 |
| 001 |
in00000000071 |
| 005 |
20150930080003.0 |
| 008 |
980806s1998 xxu f000 0 eng d |
| 035 |
|
|
|a (OCoLC)
|
| 035 |
|
|
|a tmp97128885
|
| 035 |
|
|
|9 AHS6599AM
|
| 040 |
|
|
|a MvI
|c MvI
|d UtOrBLW
|
| 049 |
|
|
|a UDOC
|
| 074 |
|
|
|a 0998-A-01
|
| 086 |
0 |
|
|a Y 1.3:S.PUB.104-49
|
| 245 |
0 |
0 |
|a Annual Report of the Architect of the Capitol, S. Pub. 104-47, For the Period October 1, 1995 to September 30, 1996, [as printed].
|
| 264 |
|
1 |
|a [Place of publication not identified] :
|b [publisher not identified],
|c [1998?]
|
| 336 |
|
|
|a text
|b txt
|2 rdacontent
|
| 337 |
|
|
|a unmediated
|b n
|2 rdamedia
|
| 338 |
|
|
|a volume
|b nc
|2 rdacarrier
|
| 500 |
|
|
|a Shipping List #: 98-0317-P
|
| 500 |
|
|
|a Shipping List Date: 07/30/98
|
| 710 |
1 |
|
|a United States.
|b Congress.
|b Senate.
|
| 999 |
|
|
|a MARS
|
| 999 |
f |
f |
|s 9b7f98f9-08a8-36e0-96af-b1a169b50815
|i 8ba507c3-cc05-33f3-8ba9-3beb872005d7
|t 0
|
| 952 |
f |
f |
|p normal
|a Texas A&M University
|b College Station
|c Sterling C. Evans Library
|d Evans: US Documents (Annex 5th floor)
|t 0
|e Y 1.3:S.PUB.104-49
|h Superintendent of Documents classification
|i unmediated -- volume
|m A14822758325
|
| 998 |
f |
f |
|a Y 1.3:S.PUB.104-49
|t 0
|l Evans: US Documents (Annex 5th floor)
|